Taper les nombres de 10 en 10 en 17 secondes - Statistiques

Statistiques générales
  • Ce quiz a été pris 226 fois
  • Le résultat moyen est 14 sur 15
Statistiques - réponses
Nombre Copie le nombre % Correct
10 10
100%
20 20
99%
30 30
97%
50 50
97%
40 40
96%
60 60
95%
70 70
94%
80 80
92%
90 90
92%
100 100
89%
110 110
87%
120 120
84%
130 130
82%
140 140
80%
150 150
72%
Aucun quiz correspondant
Distribution des résultats
% des personnes avec chaque résultat
Percentile par nombre de réponses
Votre historique - résultats
Vous n’avez pas pris ce quiz